000 00340 a2200145 4500
001 151915
040 _cEscola São Tomás de Aquino
100 _aSALES, Cladson
240 1 0 _aA festa da ratinha Anabela
_lpor
245 1 0 _aA festa da ratinha Anabela
362 0 _a2015
440 1 _aRHJ
697 _a*LITERATURA INFANTIL
942 _cBK
999 _c151915
_d151915